Castile in the sea (Record no. 1224564)

MARC details
000 -LEADER
fixed length control field 00473nam a2200193Ia 4500
008 - FIXED-LENGTH DATA ELEMENTS--GENERAL INFORMATION
fixed length control field 151121s9999||||xx |||||||||||||| ||und||
082 ## - DEWEY DECIMAL CLASSIFICATION NUMBER
Classification number 823/LOR
082 ## - DEWEY DECIMAL CLASSIFICATION NUMBER
Item number HNW-29566
100 ## - MAIN ENTRY--PERSONAL NAME
Personal name Lorraine Michelle
245 ## - TITLE STATEMENT
Title Castile in the sea
260 ## - PUBLICATION, DISTRIBUTION, ETC. (IMPRINT)
Name of publisher, distributor, etc "The harvill press, London"
260 ## - PUBLICATION, DISTRIBUTION, ETC. (IMPRINT)
Date of publication, distribution, etc --
300 ## - PHYSICAL DESCRIPTION
Extent 196
600 ## - SUBJECT ADDED ENTRY--PERSONAL NAME
Personal name Lorraine Michelle
630 ## - SUBJECT ADDED ENTRY--UNIFORM TITLE
Uniform title Castile in the sea
700 ## - ADDED ENTRY--PERSONAL NAME
Personal name Lorraine Michelle
730 ## - ADDED ENTRY--UNIFORM TITLE
Uniform title Castile in the sea
942 ## - ADDED ENTRY ELEMENTS (KOHA)
Koha item type Book
Holdings
Withdrawn status Lost status Damaged status Not for loan Home library Current library Date acquired Cost, normal purchase price Total Checkouts Full call number Barcode Date last seen Cost, replacement price Price effective from Koha item type
        Hirachand Nemchand Wachanalaya, Solapur Hirachand Nemchand Wachanalaya, Solapur 11/21/2015 200.00   HNW-29566 HNW-29566 11/21/2015 200.00 11/21/2015 Book